Представление документа в формате RUSMARC

ПолеНазваниеЗначение
  Тип записи a
  Библиографический уровень a
001 Контрольный номер RU/CBS_UL/BASE/628b485a51ed49a680805bde0caea8a9
005 Дата корректировки 20240118141003.7
100 Данные общей обработки __
a Данные общей обработки 20240118 ||| 0rusy0189 ca
101 Язык документа 0_
a Язык текста rus
102 Страна публикации __
a Страна публикации RU
200 Заглавие и сведения об ответственности 1_
a Заглавие Президент олигархов
e Сведения, относящиеся к заглавию [годы правления в Перу Оскара Бенавидеса]
f Первые сведения об ответственности Д. Куприянов
300 Общие примечания __
a Общие примечания 16+
461 Уровень набора _0
1 2000
a Загадки истории
463 Уровень физической единицы _0
1 2000
a № 38
v С. 8-9
1 2101
d 2023
1 001RU/CBS_UL/BASE/9abc66405587421cb14b423439ab5089
600 Персоналии _1
a Персоналии (Фамилия) Бенавидес
b Персоналии (Имя, инициалы) О.
606 Тематические рубрики 0_
a Основная рубрика Перу - История
610 Ключевые слова 0_
a Ключевые слова история стран
610 Ключевые слова 0_
a Ключевые слова зарубежные страны
610 Ключевые слова 0_
a Ключевые слова правители; президенты
686 Индексы других классификаций __
a Классификационный индекс 63.3(7Пер)
700 Автор _1
a Фамилия Куприянов
b Имя (инициалы) Д.
801 Источник записи _0
a Страна RU
b Организация МБУК ЦБС г. Ульяновска
c Дата составления 20240118
g Правила каталогизации RCR
801 Источник записи _1
a Страна RU
b Организация МБУК ЦБС г. Ульяновска
c Дата составления 20240118
g Правила каталогизации RCR
901 Тип документа __
t Тип документа b
w Контрольный № источника RU/CBS_UL/BASE/9abc66405587421cb14b423439ab5089